|
|
|
|
| LEADER |
01068nam a2200253 a 4500 |
| 001 |
15402383 |
| 008 |
130804r20122009maua b 001 0 eng d |
| 010 |
|
|
|a 2008034246
|
| 020 |
|
|
|a 9780073381411 (alk. paper)
|
| 020 |
|
|
|a 0073381411 (alk. paper)
|
| 040 |
|
|
|a DLC
|c DLC
|d DLC
|d BD-DhAAL.
|
| 082 |
0 |
0 |
|a 658.3
|2 22
|
| 100 |
1 |
|
|a Kinicki, Angelo.
|
| 245 |
1 |
0 |
|a Organizational behavior :
|b key concepts, skills & best practices /
|c Angelo Kinicki, Robert Kreitner.
|
| 250 |
|
|
|a 4th ed.
|
| 260 |
|
|
|a Boston :
|b McGraw-Hill Irwin ;
|a New Delhi :
|b Tata McGraw-Hill,
|c c2009 [Reprinted 2012]
|
| 300 |
|
|
|a xxxviii, 475 p. :
|b col. ill. ;
|c 26 cm.
|
| 504 |
|
|
|a Includes bibliographical references (p. 424-457) and index.
|
| 541 |
|
|
|e 00027299
|
| 650 |
|
0 |
|a Organizational behavior.
|
| 700 |
1 |
|
|a Kreitner, Robert.
|
| 852 |
1 |
|
|a Ayesha Abed Library
|j General shelf.
|
| 999 |
|
|
|c 13844
|d 13844
|
| 952 |
|
|
|0 0
|1 0
|2 ddc
|4 0
|6 658_300000000000000_KIN
|7 0
|9 23169
|a IGS
|b IGS
|c GEN
|d 2013-08-18
|e Karim International
|g 1070.00
|l 2
|o 658.3 KIN
|p 3010027299
|r 2014-06-11
|s 2014-02-18
|t 1
|w 0000-00-00
|y BK
|x Available
|